<?xml version="1.0" encoding="UTF-8"?>
<marc:record xmlns:marc="http://www.loc.gov/MARC21/slim">
   <marc:leader>00000nam a2200000 a 4500</marc:leader>
   <marc:datafield ind1="1" ind2=" " tag="100">
      <marc:subfield code="a">Backman, Fredrik</marc:subfield>
      <marc:subfield code="4">aut</marc:subfield>
      <marc:subfield code="e">Verfasser/-in</marc:subfield>
   </marc:datafield>
   <marc:datafield ind1=" " ind2=" " tag="653">
      <marc:subfield code="a">Fiktionale Darstellung</marc:subfield>
   </marc:datafield>
   <marc:datafield ind1=" " ind2=" " tag="653">
      <marc:subfield code="a">Erzählende Literatur: Gegenwartsliteratur ab 1945</marc:subfield>
   </marc:datafield>
   <marc:datafield ind1="0" ind2="0" tag="245">
      <marc:subfield code="a">Oma lässt grüßen und sagt, es tut ihr leid</marc:subfield>
   </marc:datafield>
   <marc:datafield ind1="0" ind2="0" tag="245">
      <marc:subfield code="b">Roman</marc:subfield>
   </marc:datafield>
   <marc:datafield ind1="0" ind2="0" tag="245">
      <marc:subfield code="c">Backman, Fredrik</marc:subfield>
   </marc:datafield>
   <marc:datafield ind1=" " ind2="1" tag="264">
      <marc:subfield code="a">Frankfurt am Main</marc:subfield>
      <marc:subfield code="b">Fischer Taschenbuch</marc:subfield>
   </marc:datafield>
   <marc:datafield ind1="1" ind2=" " tag="490">
      <marc:subfield code="a">Fischer</marc:subfield>
      <marc:subfield code="v">19781</marc:subfield>
   </marc:datafield>
   <marc:datafield ind1="1" ind2=" " tag="520">
      <marc:subfield code="a">Angaben aus der Verlagsmeldung &#xD;
&#xD;
 &#xD;
&#xD;
  Oma lässt grüßen und sagt, es tut ihr leid Min mormor hälsar och säger förlåt / von Fredrik Backman &#xD;
&#xD;
 &#xD;
Der Der Nr.1-Bestseller und Lieblingsroman aus Schweden: phantasievoll, ergreifend und umwerfend witzig. Wieder ein ganz besonderes Leseerlebnis vom Autor von ›Ein Mann namens Ove‹, Fredrik Backman.&#xD;
&#xD;
Oma ist 77, Ärztin, Chaotin und treibt die Nachbarn in den Wahnsinn. Elsa ist 7, liebt Wikipedia und Superhelden und hat nur einen einzigen Freund: nämlich Oma. In Omas Märchen erlebt Elsa die aufregendsten Abenteuer. Bis Oma sie eines Tages auf die größte Suche ihres Lebens schickt – und zwar in der wirklichen Welt.&#xD;
&#xD;
'Die erste und inspirierendste Autorin meines Lebens war und ist Astrid Lindgren – ›Oma lässt grüßen und sagt, es tut ihr leid‹ ist auch eine Hommage an sie.' Fredrik Backman&#xD;
&#xD;
'Versprich mir, dass du mich noch liebhast, wenn du erfährst, wer ich gewesen bin. Und versprich mir, auf das Schloss aufzupassen. Und auf deine Freunde.' Oma zu Elsa&#xD;
&#xD;
'Dieses Buch ist ein Volltreffer, der einen zum Lachen und Weinen bringt. Auf dieses Abenteuer müssen Sie sich einfach einlassen – es ist wunderbar.' Expressen Söndag</marc:subfield>
   </marc:datafield>
   <marc:datafield ind1=" " ind2=" " tag="020">
      <marc:subfield code="a">9783596197811</marc:subfield>
      <marc:subfield code="9">9783596197811</marc:subfield>
   </marc:datafield>
   <marc:datafield ind1=" " ind2=" " tag="020">
      <marc:subfield code="a">3596197813</marc:subfield>
      <marc:subfield code="9">3596197813</marc:subfield>
   </marc:datafield>
   <marc:datafield ind1=" " ind2=" " tag="041">
      <marc:subfield code="a">ger</marc:subfield>
   </marc:datafield>
   <marc:datafield ind1=" " ind2=" " tag="300">
      <marc:subfield code="b">Grafik</marc:subfield>
   </marc:datafield>
   <marc:datafield ind1="0" ind2=" " tag="490">
      <marc:subfield code="v">19781</marc:subfield>
   </marc:datafield>
   <marc:datafield ind1=" " ind2=" " tag="338">
      <marc:subfield code="a">Band</marc:subfield>
   </marc:datafield>
   <marc:datafield ind1=" " ind2=" " tag="300">
      <marc:subfield code="a">478 Seiten</marc:subfield>
   </marc:datafield>
</marc:record>
